02753cam a22004094i 4500003000900000005001700009008004100026035002000067040003300087082001800120100003200138245008100170264001000251300002400261336002100285337002500306338002300331502005800354504002700412520169800439526001002137526001002147526000902157526000902166526000902175526000902184526000902193526000902202526000902211526000802220526000802228526000802236526000802244526000802252650003502260650004802295PE-LiUPU20250731165424.0160127s2015 pe a grm 000 0 spa d a(Sirsi) a155835 aPE-LiUPUbspacPE-LiUPUerda04a254.5bG63 T31 aGodeau Díaz, Danteeautor1 aPrincipios de iglecrecimiento según Hechos 2:41-47 /cDante Goceau Díaz. 0c2015. a146 hojas c28.5 cm atext2rdacontent aunmediated2rdamedia avolume2rdacarrier aTesisb(Mg.) -- cUniversidad Peruana Unión,d2015. aIncluye bibliografía3 aEl estudio responde al método histórico-gramático. Es de naturaleza bíblico-teológica y corresponde al género histórico del NT, para abordar la investigación sobre la base de una correcta interpretación del texto bíblico, se realizó un estudio exegético de Hechos 2:41-47. Primero, se considera el texto bíblico para fijar los límites del texto, se analiza las variantes textuales. Se realiza un estudio comparativo de las versiones bíblicas en español y luego se hace una reducción personal. También se realiza un análisis morfo-sintáctico, se analiza algunas palabras claves, luego se realiza un estudio intertextual. Se analiza el significado original del texto y se presenta la aplicación teológica del pasaje bíblico. Segundo, se analiza el crecimiento de las principales iglesias cristianas durante el siglo I d.C. en Jerusalén, Antioquía, Europa y Roma, de acuerdo con su contexto y con la información que la Biblia proporciona mediante los escritos de Pedro, Pablo y otros. Tercero, se analiza la importancia de los principios de crecimiento de iglesia, extraídos de la Biblia con las tendencias clásicas y modernas del estudio de la misión. Por último, se busca extraer las conclusiones correspondientes brindando además las sugerencias que se desprenden del estudio para futuros alcances. Resumiendo los principios en ocho: 1) Disposición para la predicación, 2) Perseverancia en el estudio de la Biblia, 3) Constancia en la oración, 4) Unidad en la comunión, 5) Esperar maravillas y milagros, 6) Aliviar las necesidades de otros, 7) Permanencia en la asistencia al templo y 8) Gozo en la alabanza y adoración. aSEG44 aSEG26 aP151 aP150 aP149 aP146 aP145 aP126 aP125 aP92 aP75 aP74 aP27 aP1504aCrecimiento de iglesiavTesis.04aBibliapN.T.pHechos 2xComentariosvTesis.